000 00282nam a2200109 4500
999 _c10409
_d10409
008 180829b ||||| |||| 00| 0 eng d
245 _aMinadanao Muslim history.
260 _aDavao City
_bSun Star Davao
_cc2017
300 _apage 11.
650 0 _930580
_aHistory.
942 _2ddc
_cPER